Statistics for International Country Calling Codes

Click here to take the quiz!

General Stats

  • This quiz has been taken 407 times
  • The average score is 19 of 30

Answer Stats

CountryCalling Code% Correct
United States of America+1
95%
United Kingdom+44
90%
France+33
85%
Russia+7
84%
Spain+34
83%
Austria+43
82%
Netherlands+31
81%
Belgium+32
80%
Norway+47
79%
Italy+39
79%
Sweden+46
78%
Australia+61
76%
Brazil+55
74%
Argentina+54
74%
Singapore+65
74%
New Zealand+64
74%
Thailand+66
73%
Greece+30
72%
Mexico+52
72%
India+91
71%
Venezuela+58
70%
South Korea+82
70%
Malaysia+60
68%
Burma+95
62%
Ireland+353
24%
Luxembourg+352
16%
China+886
8%
Nepal+977
6%
Fiji+679
5%
Mongolia+976
5%

Score Distribution

Percentile by Number Answered

Percent of People with Each Score

Your Score History

You have not taken this quiz